Crown Dependency Quiz - Jersey - Statistics

General Stats
  • This quiz has been taken 24 times
  • The average score is 8 of 15
Answer Stats
Hint Answer % Correct
Capital Saint Helier
94%
Either of two UK ports which have direct ferry sailings to Jersey Portsmouth and Poole
89%
Region of France of which Jersey was a part until becoming self-governing in 1204 Normandy
83%
Jersey's biggest crop export, made up from shipments of the 'Jersey Royal' variety Potato
67%
TV crime series set in Jersey, starring John Nettles, that ran from 1981 to 1991 Bergerac
61%
Underground complex built by the Germans during WW2, now a tourist attraction Jersey War {Tunnels}
56%
Conservationist and author of 'My Family and Other Animals' who opened Jersey Zoo in 1959 Gerald Durrell
50%
Position held by Jersey's personal representative of the UK's monarch Lieutenant-{Governor}
44%
Tudor fortification situated on a todal island, built to protect the island's capital Elizabeth Castle
39%
Traditional language of Jersey Jèrriais
39%
Building type exemplified by La Corbière, the most southerly in the British Isles Lighthouse
39%
Parish in which Jersey airport is located St. Peter
39%
Real name of Jersey born 19th century actress nicknamed 'The Jersey Lily' Lillie Langtry
33%
Name given to the island's tax on sales, roughly equivalent to VAT in the UK GST
22%
Principal court in Jersey, responsible for both criminal and civil jurisdiction {Royal} Court
22%
No matching quizzes found
Score Distribution
Percent of People with Each Score
Percentile by Number Answered
Your Score History
You have not taken this quiz